| 000 | 01435nam0a22002771 4500 | ||
|---|---|---|---|
| 001 | rc\4266571 | ||
| 005 | 20130416120412.3 | ||
| 021 |
_aRU _b[61-60713] |
||
| 035 | _a(NLR Aleph) 008485822 | ||
| 090 |
_a8018969 _c8018969 |
||
| 100 | _a20130416d1960 |||y0rusy50 ca | ||
| 101 | 0 | _arus | |
| 102 | _aRU | ||
| 105 | _aa z ||||| | ||
| 200 | 1 |
_aКонтроль, регулирование и управление технологическими процессами _e(Конспект лекций) _eУчеб. пособие для учащихся техникумов специальности "Контрольно-измерит. и регулирующие приборы" _fСовет нар. хозяйства Моск. (гор.) экон. адм. района. Упр. кадров и учеб. заведений. Моск. техникум автоматики и телемеханики |
|
| 210 |
_aМосква _cБ. и. _d1960 |
||
| 215 |
_a104 с., 2 л. схем. _cчерт. _d22 |
||
| 320 | _aБиблиогр.: с. 93-94 (13 назв.) | ||
| 606 |
_aМеталлургия _xАвтоматизация _2psbo |
||
| 606 |
_aКонтрольно-измерительные инструменты и приборы в металлургии _2psbo |
||
| 700 | 1 |
_aБогоявленский _bМ. С. |
|
| 801 | 0 |
_aRU _bNLR _gpsbo |
|
| 801 | 1 |
_aRU _bELAR _2rusmarc |
|
| 852 |
_aNLR _j61-5/4030 |
||
| 942 | _cBOOK | ||
| 980 | _aNB | ||